<?xml version="1.0" encoding="UTF-8"?>
<record
    xmlns:xsi="http://www.w3.org/2001/XMLSchema-instance"
    xsi:schemaLocation="http://www.loc.gov/MARC21/slim http://www.loc.gov/standards/marcxml/schema/MARC21slim.xsd"
    xmlns="http://www.loc.gov/MARC21/slim">

  <leader>02402    a2200361   4500</leader>
  <datafield tag="999" ind1=" " ind2=" ">
    <subfield code="c">95581</subfield>
    <subfield code="d">95581</subfield>
  </datafield>
  <controlfield tag="005">20240712094543.0</controlfield>
  <controlfield tag="008">190201b        th ||||| |||| 00| 0 tha d</controlfield>
  <datafield tag="020" ind1=" " ind2=" ">
    <subfield code="a">9786164073463</subfield>
  </datafield>
  <datafield tag="040" ind1=" " ind2=" ">
    <subfield code="a">NALT</subfield>
  </datafield>
  <datafield tag="041" ind1="1" ind2=" ">
    <subfield code="a">tha</subfield>
    <subfield code="h">eng</subfield>
  </datafield>
  <datafield tag="050" ind1=" " ind2=" ">
    <subfield code="a">DS 525.8</subfield>
    <subfield code="b">&#xE21;551&#xE2D; 2561</subfield>
  </datafield>
  <datafield tag="100" ind1="1" ind2=" ">
    <subfield code="a">&#xE21;&#xE32;&#xE2B;&#xE4C;&#xE1A;&#xE39;&#xE1A;&#xE32;&#xE19;&#xE35;, &#xE01;&#xE34;&#xE0A;&#xE2D;&#xE23;&#xE4C;</subfield>
    <subfield code="9">36909</subfield>
  </datafield>
  <datafield tag="245" ind1=" " ind2=" ">
    <subfield code="a">&#xE2D;&#xE32;&#xE40;&#xE0B;&#xE35;&#xE22;&#xE19; &#xE2A;&#xE34;&#xE48;&#xE07;&#xE21;&#xE2B;&#xE31;&#xE28;&#xE08;&#xE23;&#xE23;&#xE22;&#xE4C; &#xE1C;&#xE39;&#xE49;&#xE2A;&#xE23;&#xE49;&#xE32;&#xE07;&#xE2A;&#xE23;&#xE23;&#xE04;&#xE4C;&#xE2A;&#xE31;&#xE19;&#xE15;&#xE34;&#xE20;&#xE32;&#xE1E; = </subfield>
    <subfield code="b">The ASEAN miracle : a catalyst for peace /</subfield>
    <subfield code="c">Kishore Mahbubani and Jeffery Sng ; &#xE18;&#xE35;&#xE23;&#xE30; &#xE19;&#xE38;&#xE0A;&#xE40;&#xE1B;&#xE35;&#xE48;&#xE22;&#xE21; &#xE41;&#xE25;&#xE30; &#xE1B;&#xE23;&#xE30;&#xE1E;&#xE34;&#xE19; &#xE19;&#xE38;&#xE0A;&#xE40;&#xE1B;&#xE35;&#xE48;&#xE22;&#xE21;, &#xE41;&#xE1B;&#xE25;. </subfield>
  </datafield>
  <datafield tag="250" ind1=" " ind2=" ">
    <subfield code="a">&#xE1E;&#xE34;&#xE21;&#xE1E;&#xE4C;&#xE04;&#xE23;&#xE31;&#xE49;&#xE07;&#xE17;&#xE35;&#xE48; 1</subfield>
  </datafield>
  <datafield tag="260" ind1=" " ind2=" ">
    <subfield code="a">&#xE01;&#xE23;&#xE38;&#xE07;&#xE40;&#xE17;&#xE1E;&#xE2F; :   </subfield>
    <subfield code="b">&#xE2A;&#xE16;&#xE32;&#xE1A;&#xE31;&#xE19;&#xE40;&#xE2D;&#xE40;&#xE0A;&#xE35;&#xE22;&#xE28;&#xE36;&#xE01;&#xE29;&#xE32; &#xE08;&#xE38;&#xE2C;&#xE32;&#xE25;&#xE07;&#xE01;&#xE23;&#xE13;&#xE4C;&#xE21;&#xE2B;&#xE32;&#xE27;&#xE34;&#xE17;&#xE22;&#xE32;&#xE25;&#xE31;&#xE22;,</subfield>
    <subfield code="c">2561.</subfield>
  </datafield>
  <datafield tag="300" ind1=" " ind2=" ">
    <subfield code="a">450 &#xE2B;&#xE19;&#xE49;&#xE32; :</subfield>
    <subfield code="b">&#xE20;&#xE32;&#xE1E;&#xE1B;&#xE23;&#xE30;&#xE01;&#xE2D;&#xE1A; ;</subfield>
    <subfield code="c">21 &#xE0B;&#xE21;.</subfield>
  </datafield>
  <datafield tag="500" ind1=" " ind2=" ">
    <subfield code="a">&#xE41;&#xE1B;&#xE25;&#xE08;&#xE32;&#xE01;&#xE40;&#xE23;&#xE37;&#xE48;&#xE2D;&#xE07; "The Asean miracle : a catalyst for peace" &#xE02;&#xE2D;&#xE07; Kishore Mahbubani and Jeffery Sng.</subfield>
  </datafield>
  <datafield tag="650" ind1=" " ind2="4">
    <subfield code="9">36913</subfield>
    <subfield code="a">&#xE01;&#xE32;&#xE23;&#xE2A;&#xE23;&#xE49;&#xE32;&#xE07;&#xE2A;&#xE31;&#xE19;&#xE15;&#xE34;&#xE20;&#xE32;&#xE1E;</subfield>
    <subfield code="z">&#xE40;&#xE2D;&#xE40;&#xE0A;&#xE35;&#xE22;&#xE15;&#xE30;&#xE27;&#xE31;&#xE19;&#xE2D;&#xE2D;&#xE01;&#xE40;&#xE09;&#xE35;&#xE22;&#xE07;&#xE43;&#xE15;&#xE49; </subfield>
  </datafield>
  <datafield tag="650" ind1=" " ind2="4">
    <subfield code="9">36915</subfield>
    <subfield code="a">&#xE27;&#xE31;&#xE12;&#xE19;&#xE18;&#xE23;&#xE23;&#xE2D;&#xE34;&#xE19;&#xE40;&#xE14;&#xE35;&#xE22;</subfield>
  </datafield>
  <datafield tag="650" ind1=" " ind2="0">
    <subfield code="a">&#xE27;&#xE31;&#xE12;&#xE19;&#xE18;&#xE23;&#xE23;&#xE21;&#xE08;&#xE35;&#xE19;</subfield>
    <subfield code="9">36916</subfield>
  </datafield>
  <datafield tag="650" ind1=" " ind2="4">
    <subfield code="9">36917</subfield>
    <subfield code="a">&#xE27;&#xE31;&#xE12;&#xE19;&#xE18;&#xE23;&#xE23;&#xE21;&#xE2D;&#xE34;&#xE2A;&#xE25;&#xE32;&#xE21;</subfield>
  </datafield>
  <datafield tag="650" ind1=" " ind2="4">
    <subfield code="9">36918</subfield>
    <subfield code="a">&#xE27;&#xE31;&#xE12;&#xE19;&#xE18;&#xE23;&#xE23;&#xE21;&#xE15;&#xE30;&#xE27;&#xE31;&#xE19;&#xE15;&#xE01;</subfield>
  </datafield>
  <datafield tag="651" ind1=" " ind2="0">
    <subfield code="a">&#xE40;&#xE2D;&#xE40;&#xE0A;&#xE35;&#xE22;&#xE15;&#xE30;&#xE27;&#xE31;&#xE19;&#xE2D;&#xE2D;&#xE01;&#xE40;&#xE09;&#xE35;&#xE22;&#xE07;&#xE43;&#xE15;&#xE49; </subfield>
    <subfield code="x">&#xE04;&#xE27;&#xE32;&#xE21;&#xE2A;&#xE31;&#xE21;&#xE1E;&#xE31;&#xE19;&#xE18;&#xE4C;&#xE01;&#xE31;&#xE1A;&#xE15;&#xE48;&#xE32;&#xE07;&#xE1B;&#xE23;&#xE30;&#xE40;&#xE17;&#xE28;</subfield>
    <subfield code="9">16606</subfield>
  </datafield>
  <datafield tag="651" ind1=" " ind2="4">
    <subfield code="9">33620</subfield>
    <subfield code="a">&#xE40;&#xE2D;&#xE40;&#xE0A;&#xE35;&#xE22;&#xE15;&#xE30;&#xE27;&#xE31;&#xE19;&#xE2D;&#xE2D;&#xE01;&#xE40;&#xE09;&#xE35;&#xE22;&#xE07;&#xE43;&#xE15;&#xE49; </subfield>
    <subfield code="x">&#xE01;&#xE32;&#xE23;&#xE40;&#xE21;&#xE37;&#xE2D;&#xE07;&#xE41;&#xE25;&#xE30;&#xE01;&#xE32;&#xE23;&#xE1B;&#xE01;&#xE04;&#xE23;&#xE2D;&#xE07;</subfield>
    <subfield code="y">&#xE04;.&#xE28;.1945 -</subfield>
  </datafield>
  <datafield tag="651" ind1=" " ind2="4">
    <subfield code="9">36914</subfield>
    <subfield code="a">&#xE40;&#xE2D;&#xE40;&#xE0A;&#xE35;&#xE22;&#xE15;&#xE30;&#xE27;&#xE31;&#xE19;&#xE2D;&#xE2D;&#xE01;&#xE40;&#xE09;&#xE35;&#xE22;&#xE07;&#xE43;&#xE15;&#xE49;</subfield>
    <subfield code="x">&#xE04;&#xE27;&#xE32;&#xE21;&#xE2A;&#xE31;&#xE21;&#xE1E;&#xE31;&#xE19;&#xE18;&#xE4C;&#xE17;&#xE32;&#xE07;&#xE0A;&#xE32;&#xE15;&#xE34;&#xE1E;&#xE31;&#xE19;&#xE18;&#xE38;&#xE4C;</subfield>
    <subfield code="x">&#xE41;&#xE07;&#xE48;&#xE01;&#xE32;&#xE23;&#xE40;&#xE21;&#xE37;&#xE2D;&#xE07;</subfield>
  </datafield>
  <datafield tag="700" ind1="1" ind2=" ">
    <subfield code="a">Mahbubani, Kishore</subfield>
    <subfield code="9">14167</subfield>
  </datafield>
  <datafield tag="700" ind1="1" ind2=" ">
    <subfield code="9">14171</subfield>
    <subfield code="a">Sng, Jeffery</subfield>
  </datafield>
  <datafield tag="700" ind1="0" ind2=" ">
    <subfield code="a">&#xE18;&#xE35;&#xE23;&#xE30; &#xE19;&#xE38;&#xE0A;&#xE40;&#xE1B;&#xE35;&#xE48;&#xE22;&#xE21;</subfield>
    <subfield code="9">23920</subfield>
  </datafield>
  <datafield tag="700" ind1="0" ind2=" ">
    <subfield code="9">36919</subfield>
    <subfield code="a">&#xE1B;&#xE23;&#xE30;&#xE1E;&#xE34;&#xE19; &#xE19;&#xE38;&#xE0A;&#xE40;&#xE1B;&#xE35;&#xE48;&#xE22;&#xE21;</subfield>
  </datafield>
  <datafield tag="850" ind1=" " ind2=" ">
    <subfield code="a">NALT</subfield>
  </datafield>
  <datafield tag="942" ind1=" " ind2=" ">
    <subfield code="2">lcc</subfield>
    <subfield code="c">GB</subfield>
    <subfield code="0">1</subfield>
  </datafield>
  <datafield tag="998" ind1=" " ind2=" ">
    <subfield code="j">104</subfield>
    <subfield code="k"> &#xE19;&#xE32;&#xE07;&#xE2A;&#xE32;&#xE27;&#xE2A;&#xE32;&#xE22;&#xE1D;&#xE19;  &#xE14;&#xE35;&#xE07;&#xE32;&#xE21;</subfield>
  </datafield>
  <datafield tag="952" ind1=" " ind2=" ">
    <subfield code="0">0</subfield>
    <subfield code="1">0</subfield>
    <subfield code="2">lcc</subfield>
    <subfield code="4">0</subfield>
    <subfield code="7">0</subfield>
    <subfield code="8">CASEAN</subfield>
    <subfield code="a">NALT</subfield>
    <subfield code="b">NALT</subfield>
    <subfield code="d">2019-01-30</subfield>
    <subfield code="e">1</subfield>
    <subfield code="g">315.00</subfield>
    <subfield code="l">1</subfield>
    <subfield code="o">ASEAN DS 525.8 &#xE21;551&#xE2D; 2561</subfield>
    <subfield code="p">3961208981</subfield>
    <subfield code="r">2022-06-07 00:00:00</subfield>
    <subfield code="s">2022-05-31</subfield>
    <subfield code="v">350.00</subfield>
    <subfield code="w">2019-01-30</subfield>
    <subfield code="y">GB</subfield>
  </datafield>
</record>
